<?xml version="1.0" encoding="UTF-8"?><?xml-stylesheet type="text/xsl" href="static/style.xsl"?><OAI-PMH xmlns="http://www.openarchives.org/OAI/2.0/" xmlns:xsi="http://www.w3.org/2001/XMLSchema-instance" xsi:schemaLocation="http://www.openarchives.org/OAI/2.0/ http://www.openarchives.org/OAI/2.0/OAI-PMH.xsd"><responseDate>2026-04-27T08:18:24Z</responseDate><request verb="GetRecord" identifier="oai:uvadoc.uva.es:10324/64154" metadataPrefix="marc">https://uvadoc.uva.es/oai/request</request><GetRecord><record><header><identifier>oai:uvadoc.uva.es:10324/64154</identifier><datestamp>2025-03-26T19:45:13Z</datestamp><setSpec>com_10324_28447</setSpec><setSpec>com_10324_5186</setSpec><setSpec>com_10324_29291</setSpec><setSpec>col_10324_64152</setSpec></header><metadata><record xmlns="http://www.loc.gov/MARC21/slim" xmlns:doc="http://www.lyncode.com/xoai" xmlns:xsi="http://www.w3.org/2001/XMLSchema-instance" xmlns:dcterms="http://purl.org/dc/terms/" xsi:schemaLocation="http://www.loc.gov/MARC21/slim http://www.loc.gov/standards/marcxml/schema/MARC21slim.xsd">
<leader>00925njm 22002777a 4500</leader>
<datafield tag="042" ind1=" " ind2=" ">
<subfield code="a">dc</subfield>
</datafield>
<datafield tag="720" ind1=" " ind2=" ">
<subfield code="a">Torrejón-Tobío, Celia</subfield>
<subfield code="e">author</subfield>
</datafield>
<datafield tag="260" ind1=" " ind2=" ">
<subfield code="c">2023</subfield>
</datafield>
<datafield tag="520" ind1=" " ind2=" ">
<subfield code="a">This paper includes a hermeneutic revision of Ann Hood’s novel The Knitting Circle (2006), a text that has been scarcely approached from the perspective of literary theory and criticism. In order to carry out this analysis, particularly focused on its protagonist, the presuppositions of trauma studies are employed, especially the considerations of Laurie Vickroy, as well as the semiotics of the textile in terms of its discursive and collective potential. Through the prism of close reading, it is proposed that the textile activity (and, by extension, the community that is generated around it) fosters a process of psychological recovery that depends not only on the articulation of the traumatic event, but also on the forms of social experiencing established around that episode.</subfield>
</datafield>
<datafield tag="024" ind2=" " ind1="8">
<subfield code="a">ES Review. Spanish Journal of English Studies; No. 44 (2023) pags. 213-235</subfield>
</datafield>
<datafield tag="024" ind2=" " ind1="8">
<subfield code="a">2531-1654</subfield>
</datafield>
<datafield tag="024" ind2=" " ind1="8">
<subfield code="a">https://uvadoc.uva.es/handle/10324/64154</subfield>
</datafield>
<datafield tag="024" ind2=" " ind1="8">
<subfield code="a">10.24197/ersjes.44.2023.213-235</subfield>
</datafield>
<datafield tag="024" ind2=" " ind1="8">
<subfield code="a">213</subfield>
</datafield>
<datafield tag="024" ind2=" " ind1="8">
<subfield code="a">44</subfield>
</datafield>
<datafield tag="024" ind2=" " ind1="8">
<subfield code="a">235</subfield>
</datafield>
<datafield ind1=" " ind2=" " tag="653">
<subfield code="a">Filología Inglesa</subfield>
</datafield>
<datafield tag="245" ind1="0" ind2="0">
<subfield code="a">“You Knit to Save Your Life”: Trauma and Textile in Ann Hood’s The Knitting Circle (2006)</subfield>
</datafield>
</record></metadata></record></GetRecord></OAI-PMH>